000 00443nam a2200169 a 4500
001 3973
003 CO-ViMGA
008 141112s2004 ck r 000 u spa d
040 _aCO-ViMGA
_bspa
_cCO-ViMGA
082 0 4 _aR747 C171
245 1 0 _aLa casa :
_bdiseƱo e interiorismo
260 _aBarcelona :
_bBlume,
_c1995
300 _a271 p : il
590 _aDatos de inventario : 05410
650 1 4 _aDECORACION DE INTERIORES
942 _2ddc
_cBK
999 _c15991
_d15991